I Want The Earth (plus 5%) (Record no. 333265)
[ view plain ]
| 000 -LEADER | |
|---|---|
| fixed length control field | 00490nam a2200097Ia 4500 |
| 008 - FIXED-LENGTH DATA ELEMENTS--GENERAL INFORMATION | |
| fixed length control field | 170517s9999 xx 000 0 und d |
| 245 ## - TITLE STATEMENT | |
| Title | I Want The Earth (plus 5%) |
| 300 ## - PHYSICAL DESCRIPTION | |
| Extent | The sole purpose of this story is to explain the simple maths of reality and the current Banking System – that is - 100 plus NOTHING does NOT equal 105 – and that charging interest on something that is... |
| 650 ## - SUBJECT ADDED ENTRY--TOPICAL TERM | |
| General subdivision | Business and Economics. |
| 856 ## - ELECTRONIC LOCATION AND ACCESS | |
| Uniform Resource Identifier | <a href="http://topdocumentaryfilms.com/i-want-the-earth-plus-5/">http://topdocumentaryfilms.com/i-want-the-earth-plus-5/</a> |
| Withdrawn status | Lost status | Damaged status | Home library | Current library | Date acquired | Total Checkouts | Date last seen | Price effective from | Koha item type |
|---|---|---|---|---|---|---|---|---|---|
| College Library | College Library | 05/17/2017 | 05/17/2017 | 05/17/2017 | Documentary Films |